Villes d'Europe sur une carte par lettre - P - Statistiques

Statistiques générales
  • Ce quiz a été pris 190 fois
    184 depuis la dernière actualisation
  • Le résultat moyen est 6 sur 10
Réponses sur la Carte
Les réponses sont colorées sur une échelle allant du rouge au vert en fonction du pourcentage des utilisateurs qui les ont devinées à leur premier essai. Vous pouvez retrouver ces pourcentages ci-dessous.
 
Statistiques - réponses
Ville en P % Correct
Porto
97%
Prague
92%
Palerme
88%
Pristina
75%
Podgorica
74%
Plymouth
65%
Pampelune
61%
Poznań
41%
Pilsen
32%
Plovdid
4%
Aucun quiz correspondant
Distribution des résultats
% des personnes avec chaque résultat
Percentile par nombre de réponses
Votre historique - résultats
Vous n’avez pas pris ce quiz depuis la dernière actualisation